000 00224nam a22001217a 4500
040 _cSK
082 _a100
100 _aNA
245 _aquality assessment techniques
260 _aNA
_bNA
_c1994
300 _aNA
942 _cEK
999 _c8897
_d8897